000 00505nam a2200169 a 4500
001 000015700
005 20200929164126.0
008 100217s1961 dr 001 0 spa d
040 _aDO-SdBNP
_bspa
_cBNPHU
082 _axxxx
_bL817c
100 1 _aLockward, G.
_935370
245 1 0 _aCooperativismo agrícola de Trujillo /
_cG. Lockward.
260 _aCiudad Trujillo, República Dominicana :
_bDel Caribe,
_c1961.
300 _a32 p. ;
_c24 cm.
504 _aIncluye bibliografía (p. 32)
049 _aBNPD
999 _c15252
_d15252